| 000 | 00795nam a22002537a 4500 | ||
|---|---|---|---|
| 001 | BR9406320 | ||
| 003 | BR-BrBNA | ||
| 005 | 20241018083533.0 | ||
| 007 | ta | ||
| 008 | 230509b bl.||||| |||| 00| 0 por d | ||
| 040 |
_aBR-BrBNA _bpor _cBiblioteca Nacional de Agricultura |
||
| 041 | _a(Por) | ||
| 072 | _aD50; C10 | ||
| 090 |
_a D50 BR9406320 OBR _b2024-6051 |
||
| 110 | 1 | _aMinisterio da Agricultura, Industria e Commercio, Rio de Janeiro, GB (Brasil) | |
| 245 | 1 | _aRegulamento da Escola Superior de Agricultura e Medicina Veterinaria aprovado pelo decreto no. 14.120, de 29 de marco de 1920 | |
| 260 | 3 |
_aRio de Janeiro, GB (Brasil): _c1929. |
|
| 300 | _a43 p. | ||
| 650 | _aDecreto | ||
| 650 | _aRegulamentacao | ||
| 650 | _aEscola | ||
| 650 | _aEnsino Agricola | ||
| 942 |
_cBK _2AGRIS |
||
| 999 |
_c48853 _d48853 |
||